Sports Quiz

Random Sports or MLB Quiz

Minnesota Twins Home Run Leaders Since 2000 Quiz Stats

 Plays Quiz not verified by Sporcle

Support Sporcle.
Go Orange.
Score 0/20 Timer 03:00
0 Plays Today
Season Player % Correct
2006Justin Morneau
91.6%
2007Justin Morneau
91.6%
2008Justin Morneau
91.6%
2019Nelson Cruz
88.9%
2013Brian Dozier
84.4%
2014Brian Dozier
84.4%
2015Brian Dozier
84.4%
2016Brian Dozier
84.4%
2017Brian Dozier
84.4%
2001Torii Hunter
81.7%
Season Player % Correct
2002Torii Hunter
81.7%
2003Torii Hunter
81.7%
2009Michael Cuddyer
65.3%
2011Michael Cuddyer
65.3%
2018Eddie Rosario
62.1%
2012Josh Willingham
58.2%
2000Jacque Jones
47.8%
2005Jacque Jones
47.8%
2010Jim Thome
46.8%
2004Corey Koskie
39.1%

You're not logged in!

Compare scores with friends on all Sporcle quizzes.
OR
Log In

From the Vault

24 Iconic Movie Phrases

by JoeBeta

All these movies and not one mention of 'hot ham water'.
Remove Ads.
Support Sporcle.
Get the best of Sporcle when you Go Orange. This ad-free experience offers more features, more stats, and more fun while also helping to support Sporcle. Thank you for becoming a member.

Show Comments

Extras

Top Quizzes Today


Score Distribution

Your Account Isn't Verified!

In order to create a playlist on Sporcle, you need to verify the email address you used during registration. Go to your Sporcle Settings to finish the process.

Report this User

Report this user for behavior that violates our Community Guidelines.

Details: